MARC

LEADER 00000nam0a2200000 4500
001 261945
005 20231101233617.0
035 |a (RuTPU)RU\TPU\book\284927 
090 |a 261945 
100 |a 20140528d1988 m y0rusy50 ca 
101 0 |a rus 
102 |a RU 
105 |a a j 001zy 
200 1 |a Детали механизмов радиоустройств  |e учебное пособие для средних специальных учебных заведений  |f В. И. Куркин, Б. С. Козинцов 
205 |a 3-е изд., перераб. и доп. 
210 |a Москва  |c Высшая школа  |d 1988 
215 |a 256 с.  |c ил. 
320 |a Библиогр.: с. 254 
606 1 |a Радиокомпоненты  |2 stltpush  |3 (RuTPU)RU\TPU\subj\22731  |9 47438 
610 1 |a радиоустройства 
610 1 |a передаточные механизмы 
610 1 |a детали 
610 1 |a элементы 
610 1 |a конструкции 
610 1 |a соединения 
610 1 |a отсчетные устройства 
610 1 |a антенные устройства 
610 1 |a записывающие устройства 
610 1 |a механические системы 
610 1 |a надежность 
610 1 |a проектирование 
610 1 |a учебные пособия 
675 |a 621.396.69(075.3)  |v 3 
700 1 |a Куркин  |b В. И.  |g Владимир Ильич 
701 1 |a Козинцов  |b Б. С.  |g Борис Саулович 
801 1 |a RU  |b 63413507  |c 20140528 
801 2 |a RU  |b 63413507  |c 20160617  |g RCR 
942 |c BK